000 00807nam a2200253Ia 4500
003 OSt
005 20221005110337.0
006 a|||||r|||| 00| 0
007 ta
008 221004b |||||||| |||| 00| 0 hin d
024 _a24023
037 _cTextual
040 _aCRL
_cCRL
_bhin
041 _2hin
_ahin
082 _aO152,3N408,YS, N0
100 _aहर्षिता, सिम्मी
245 0 _aयातना - शिविर
246 _aYātanā - shivira
260 _aनई दिल्ली
_bअभिव्यंजना भारत
_c1990
300 _a211पृ0
_ccm.
650 _aहिन्दी साहित्य
942 _hO152,3N408,YS, N0
_cTEXL
_2cc
999 _c1018519
_d1018519